အင်းတော်ကြီးရွှေမဉ္ဇူစေတီတော်နှင့် ဘုရားသမိုင်းပေါင်းချုပ် / (Record no. 16763)

000 -LEADER
fixed length control field 01246nam a2200241Ia 4500
003 - CONTROL NUMBER IDENTIFIER
control field OSt
005 - DATE AND TIME OF LATEST TRANSACTION
control field 20241011160508.0
007 - PHYSICAL DESCRIPTION FIXED FIELD--GENERAL INFORMATION
fixed length control field ca aa aaaaa
008 - FIXED-LENGTH DATA ELEMENTS--GENERAL INFORMATION
fixed length control field 201103s9999 xx 000 0 und d
040 ## - CATALOGING SOURCE
Transcribing agency SSBUL
041 ## - LANGUAGE CODE
Language code of text/sound track or separate title bur
082 ## - DEWEY DECIMAL CLASSIFICATION NUMBER
Edition number 23
Classification number ၂၉၄.၃၄၃၅၀၉ နေ
Item number ၉၂၃၃ S-SAT
100 0# - MAIN ENTRY--PERSONAL NAME
Personal name နေလင်း(အင်းတော်ကြီး)
9 (RLIN) 17364
245 10 - TITLE STATEMENT
Title အင်းတော်ကြီးရွှေမဉ္ဇူစေတီတော်နှင့် ဘုရားသမိုင်းပေါင်းချုပ် /
Statement of responsibility, etc. နေလင်း(အင်းတော်ကြီး)။
250 ## - EDITION STATEMENT
Edition statement ဒုတိယအကြိမ်။
260 ## - PUBLICATION, DISTRIBUTION, ETC.
Place of publication, distribution, etc. ရန်ကုန် ၊
Name of publisher, distributor, etc. ဒေါ်တင်ကြည်နှင့်သားများပုံနှိပ်တိုက်၊
Date of publication, distribution, etc. ၁၉၉၆။
300 ## - PHYSICAL DESCRIPTION
Extent ၃၀၈ စာမျက်နှာ ၊
Dimensions ၁၉ စင်တီ။
500 ## - GENERAL NOTE
General note S-SAT: Dr. Sai Aung Tun
650 ## - SUBJECT ADDED ENTRY--TOPICAL TERM
Topical term or geographic name entry element ရွှေမဉ္ဇူစေတီတော်
Form subdivision သမိုင်း
9 (RLIN) 55055
Topical term or geographic name entry element စေတီပုထိုး
Geographic subdivision အင်းတော်ကြီး
9 (RLIN) 55056
Topical term or geographic name entry element ဘုရားသမိုင်း
942 ## - ADDED ENTRY ELEMENTS (KOHA)
Source of classification or shelving scheme
Koha item type Book (Short term)
Holdings
Withdrawn status Lost status Source of classification or shelving scheme Damaged status Not for loan Collection code Permanent Location Current Location Shelving location Date acquired Total Checkouts Full call number Barcode Date last seen Price effective from Koha item type Accession
          Special Collections Shan State Buddhist University Library Shan State Buddhist University Library Special Collection Shelves 15/02/2023   ၂၉၄.၃၄၃၅၀၉ နေ ၉၂၃၃ S-SAT MB00009233 15/02/2023 15/02/2023 Book (Short term) ၉၂၃၃ S-SAT

Library - 09407999929
Admin Office - 09407999979
Dean Office - 09250910768
Registrar Office - 09892297154
Email - [email protected]
Shan State Buddhist University, Phaya Phyu Taunggyi, Shan State, Myanmar.